How Japan innovates : A comparison with the U.S. in the case of oxygen steelmaking
में बचाया:
| मुख्य लेखक: | |
|---|---|
| स्वरूप: | पुस्तक |
| भाषा: | Undetermined |
| प्रकाशित: |
Boulder, Colo.
Westview Press
1982
|
| विषय: | |
| टैग : |
टैग जोड़ें
कोई टैग नहीं, इस रिकॉर्ड को टैग करने वाले पहले व्यक्ति बनें!
|
| Thư viện lưu trữ: | Trung tâm Học liệu Trường Đại học Cần Thơ |
|---|
| LEADER | 00622nam a2200205Ia 4500 | ||
|---|---|---|---|
| 001 | CTU_88555 | ||
| 008 | 210402s9999 xx 000 0 und d | ||
| 082 | |a 338.7 | ||
| 082 | |b L989 | ||
| 100 | |a Lynn, Leonard H. | ||
| 245 | 0 | |a How Japan innovates : | |
| 245 | 2 | |b A comparison with the U.S. in the case of oxygen steelmaking | |
| 245 | 0 | |c Leonard H. Lynn | |
| 260 | |a Boulder, Colo. | ||
| 260 | |b Westview Press | ||
| 260 | |c 1982 | ||
| 650 | |a Technological innovations,Technological innovations | ||
| 650 | |z Japan,United states | ||
| 904 | |i Năm,Hải | ||
| 980 | |a Trung tâm Học liệu Trường Đại học Cần Thơ | ||